Statistics for Superbowl Leading Receiving Yards every season

Click here to take the quiz!

General Stats

  • This quiz has been taken 12 times
  • The average score is 25 of 58

Answer Stats

SBTeamRec. YardsPlayer% Correct
LIIINEP141Julian Edelman
90%
XLIXNEP109Julian Edelman
90%
LVKAN133Travis Kelce
90%
LIVKAN105Tyreek Hill
90%
XLPIT123Hines Ward
80%
XLIINEP103Wes Welker
80%
XLIVIND86Dallas Clark
70%
XXVIWAS114Gary Clark
70%
XXIXSFF149Jerry Rice
70%
XXIIISFF215Jerry Rice
70%
XXIVSFF148Jerry Rice
70%
XXXIIIDEN152Rod Smith
70%
XLIIIPIT131Santonio Holmes
70%
LVICIN100Tee Higgins
70%
XXVIIIBUF75Andre Reed
60%
XXVIIBUF152Andre Reed
60%
XLVIIIDEN118Demaryius Thomas
60%
XLVGBP140Jordy Nelson
60%
XIXMIA92Mark Clayton
60%
XXXIIGBP126Antonio Freeman
50%
XXXIGBP105Antonio Freeman
50%
XVIIILAR94Cliff Branch
50%
XXXIXNEP133Deion Branch
50%
XXXVIIINEP143Deion Branch
50%
50DEN83Emmanuel Sanders
50%
XIOAK79Fred Biletnikoff
50%
XXXIVSTL162Isaac Bruce
50%
XLVIISFF109Michael Crabtree
50%
XXIIWAS193Ricky Sanders
50%
DALAlvin Harper
40%
LINEP110James White
40%
XIVPIT121John Stallworth
40%
XIIIPIT124Lynn Swann
40%
XPIT161Lynn Swann
40%
1GBP138Max McGee
40%
XXIDEN121Vance Johnson
40%
XXCHI129Willie Gault
40%
IXMIN50Chuck Foreman
30%
XVICIN107Cris Collinsworth
30%
LIINEP152Danny Amendola
30%
XLVINYG109Hakeem Nicks
30%
XLIIND66Joseph Addai
30%
VIMIA39Paul Warfield
30%
XIIDAL66Billy Joe DuPree
20%
XVOAK93Kenny King
20%
IIOAK84Bill Miller
10%
XXXVBAL52Brandon Stokley
10%
IIINYJ133George Sauer
10%
XVIIMIA82Jimmy Cefalo
10%
VBAL80John Mackey
10%
XXVNYG74Mark Ingram
10%
VIIWAS50Roy Jefferson
10%
XXXPIT98Andre Hastings
0%
XXXVISTL90Az-Zahir Hakim
0%
SEAChris Matthews
0%
XXXVIITBB78Joe Jurevicius
0%
IVMIN111John Henderson
0%
VIIIMIN46Stu Voigt
0%

Score Distribution

Percentile by Number Answered

Percent of People with Each Score

Your Score History

You have not taken this quiz